| 000 | 00552nam a2200169Ia 4500 | ||
|---|---|---|---|
| 003 | Ost | ||
| 005 | 20260507075659.0 | ||
| 008 | 260507s9999||||xx |||||||||||||| ||und|| | ||
| 040 | _cfsecg | ||
| 041 | _aara | ||
| 100 |
_aعيسى، ابراهيم سليمان _eمؤلف |
||
| 245 | 0 |
_aازمة المياه في العالم العربي / _c ابراهيم سليمان عيسى |
|
| 260 |
_aالقاهرة: _bدار الكتاب الحديث, _c2002 |
||
| 300 | _a246 صفحة؛ | ||
| 504 | _aبيبليوغرافيا ص.355 | ||
| 942 | _cكتاب | ||
| 999 |
_c45785 _d45785 |
||